| 000 | 01012nam a22002657a 4500 | ||
|---|---|---|---|
| 005 | 20160405111436.0 | ||
| 010 | _aENG-115056 | ||
| 020 |
_a9789339222406 _c870.00 |
||
| 020 |
_a9339222407 _c870.00 |
||
| 035 | _aEN-98588 | ||
| 037 | _bDBAD/PUB | ||
| 082 | _a005.8 | ||
| 100 | _aVlamis, Dan | ||
| 245 |
_aData visualization for Oracle Business Intelligence 11g / _cby Dan Vlamis [and] Tim Vlamis |
||
| 246 |
_aData visualization for Oracle Business Intelligence 11g : _bcreate highly visual presentations of BI data |
||
| 260 |
_aNew Delhi _bMcGraw Hill Education _c2015 |
||
| 270 |
_aP-24, Green Park Extension _bNew Delhi _e110016 |
||
| 300 |
_axviii,329p. : _c24cm(pbk) _bill. |
||
| 500 | _aIncludes index | ||
| 650 |
_a Business intelligence _xData processing. |
||
| 650 |
_a Business intelligence _xDatabases. |
||
| 650 |
_a Information visualization _xComputer programs. |
||
| 700 | _aVlamis, Tim | ||
| 942 |
_2ddc _cEN _mVLA _h005.8 |
||
| 999 |
_c99409 _d99409 |
||